[Event "Reunion op 15th"]
[Site "St Denis"]
[Date "2013.10.17"]
[Round "6"]
[White "Bialade, Kinjy Mateo"]
[Black "Vitry, Patrick"]
[Result "1/2-1/2"]
[WhiteElo "1230"]
[BlackElo "1765"]
[PlyCount "172"]
[EventDate "2013.10.12"]
[EventType "swiss"]
[EventRounds "9"]
[EventCountry "RUF"]
[SourceTitle "EXT 2014"]
[Source "ChessBase"]
[SourceDate "2013.11.20"]
[SourceVersion "1"]
[SourceVersionDate "2013.11.20"]
[SourceQuality "1"]

1. e4 d6 2. d4 Nf6 3. Nc3 g6 4. Bg5 Bg7 5. Bxf6 Bxf6 6. Nf3 Nd7 7. Bc4 c5 8. Bb5 cxd4 9. Nxd4 a6 10. Bxd7+ Bxd7 11. Qd2 0-0 12. 0-0-0 b5 13. Nd5 Bg7 14. Qg5 Re8 15. Rhe1 e6 16. Qxd8 Rexd8 17. Nb6 Ra7 18. Nxd7 Raxd7 19. Nc6 Rc8 20. Nb4 a5 21. Nd3 Rdc7 22. Re2 Rc4 23. Kb1 a4 24. a3 Rd8 25. f4 d5 26. Nb4 d4 27. e5 Bf8 28. c3 d3 29. Rxd3 Rxd3 30. Nxd3 h5 31. g3 Be7 32. h4 Kf8 33. Nb4 Bxb4 34. cxb4 Ke7 35. Rd2 Re4 36. Rd3 f6 37. exf6+ Kxf6 38. Kc2 Kf5 39. Kd2 Rc4 40. Ke3 Rc2 41. b3 axb3 42. Rxb3 Kg4 43. Kd4 Kf5 44. Re3 Rc4+ 45. Kd3 Rc6 46. Ke2 Rc2+ 47. Kf3 Rc4 48. Re5+ Kf6 49. Rxb5 Rc3+ 50. Kf2 Rxa3 51. Ra5 Rb3 52. Rb5 Ke7 53. Rg5 Kf6 54. b5 Kf7 55. Kg2 Kf6 56. Kf2 Kf7 57. Ke2 Rb1 58. Kd3 Rd1+ 59. Kc4 Rc1+ 60. Kd4 Rd1+ 61. Kc5 Rc1+ 62. Kb6 Rc3 63. Kb7 Kf6 64. b6 Kf7 65. g4 hxg4 66. Rxg4 Rc4 67. Ka6 Rc1 68. b7 Ra1+ 69. Kb6 Rb1+ 70. Kc7 Rc1+ 71. Kd6 Rd1+ 72. Ke5 Rd5+ 73. Ke4 Rb5 74. Rg5 Rxb7 75. h5 Rb4+ 76. Kf3 Rb3+ 77. Kg4 gxh5+ 78. Rxh5 Kg6 79. Rg5+ Kf6 80. Rc5 Rb4 81. Rc6 Rd4 82. Kf3 Kf5 83. Rc5+ Rd5 84. Rxd5+ exd5 85. Ke3 d4+ 86. Kxd4 Kxf4 1/2-1/2